<?xml version="1.0" encoding="UTF-8"?>
<collection xmlns="http://www.loc.gov/MARC21/slim">
  <record>
    <leader>00000nam  2200000   4500</leader>
    <controlfield tag="001">INLIS000000000005812</controlfield>
    <controlfield tag="005">20190919101344</controlfield>
    <datafield tag="035" ind1="#" ind2="#">
      <subfield code="a">0010-0919000107</subfield>
    </datafield>
    <controlfield tag="007">ta</controlfield>
    <controlfield tag="008">190919################g##########0#ind##</controlfield>
    <datafield tag="020" ind1="#" ind2="#">
      <subfield code="a">9795617840</subfield>
    </datafield>
    <datafield tag="082" ind1="#" ind2="#">
      <subfield code="a">297.64</subfield>
    </datafield>
    <datafield tag="084" ind1="#" ind2="#">
      <subfield code="a">297.64 Abd m</subfield>
    </datafield>
    <datafield tag="100" ind1=" " ind2="#">
      <subfield code="a">Gymnastiar, Abdullah</subfield>
    </datafield>
    <datafield tag="245" ind1="1" ind2="#">
      <subfield code="a">Meraih Bening Hati Dengan Manajemen Qolbu /</subfield>
      <subfield code="c">Abdullah Gymnastiar</subfield>
    </datafield>
    <datafield tag="250" ind1="#" ind2="#">
      <subfield code="a">Cet.1</subfield>
    </datafield>
    <datafield tag="260" ind1="#" ind2="#">
      <subfield code="a">Jakarta :</subfield>
      <subfield code="b">Gema Insani Pess,</subfield>
      <subfield code="c">2002</subfield>
    </datafield>
    <datafield tag="300" ind1="#" ind2="#">
      <subfield code="a">x, 144 hlm. :</subfield>
      <subfield code="b">ilus ;</subfield>
      <subfield code="c">21 cm.</subfield>
    </datafield>
    <datafield tag="650" ind1="#" ind2="#">
      <subfield code="a">Akhlak-Islam</subfield>
    </datafield>
    <datafield tag="520" ind1="#" ind2="#">
      <subfield code="a">Hati adalah anugerah agung yang Allah karuniakan pada manusia. Dengan hati itu manusia bisa mengenali, berkomunikasi, bahkan mencintai Rabbnya, sekalipun mata dan telinga tiada sanggup meraih wujud-Nya. Hati adalah juga pusat kebahagiaan. Bahagia atau sengsara bukan tergantung materi, gelar, atau jabatan, namun lebih tergantung pada seberapa sakinah kondisi hati yang ada dalam dada. Dan hati adalah saksi yang akan menyelamatkan atau mencelakakan. Orang yang kembali pad Allah dengan hati yang bening berhak mendiami surga yang luasnya seluar langit dan bumi. "Akan ada hari dimana tiada bermanfaat harta benda dan anak-anak, kecuali siapa yang datang kepada Allah dengan qalbu salim (hati yang selamat)." (asy-syu'araa:88-89). Hati ibarat cermin, kita harus senantiasa tekun membersihkannya agar ia tetap bersih, terang, dan mengkilat. Hanya dengan membersihkan hati akan diraih kebahagiaan dunia dan akhirat, insya Allah. Buku ini dihaturkan sebagai bagian dari tanggung jawab penulis untuk menyebarkan kebeningan hati ke tengah-tengah masyarakat. Semoga Allah memberkahi dan meridhai. Amin.</subfield>
    </datafield>
    <datafield tag="856" ind1="#" ind2="#">
      <subfield code="a">Perpustakaan Lembaga Administrasi Negara</subfield>
    </datafield>
    <datafield tag="990" ind1="#" ind2="#">
      <subfield code="a">150117292</subfield>
    </datafield>
  </record>
</collection>
